| 000 | 00796cam a2200277 a 4500 | ||
|---|---|---|---|
| 008 | |||
| 020 | _a0471903639 (pbk.) | ||
| 049 | _aMAIN | ||
| 050 | 0 |
_aRB155 _fEME |
|
| 100 | 1 | _aEmery, Alan E. H. | |
| 245 | 1 | 3 |
_aAn introduction to recombinant DNA / _cAlan E.H. Emery. |
| 260 |
_aChichester: _bJohn Wiley, _cc1984. |
||
| 300 |
_ax, 223 p. : _bill. ; _c22 cm. |
||
| 440 | 0 | _aWiley medical publication. | |
| 500 | _aIncludes index. | ||
| 504 | _aIncludes bibliographical references. | ||
| 650 | 0 | _aMedical genetics. | |
| 650 | 0 | _aGenetic engineering. | |
| 650 | 0 | _aRecombinant DNA. | |
| 650 | 0 | _aPathology, Molecular. | |
| 907 |
_a.b10166543 _b29-06-05 _c28-06-05 |
||
| 003 | |||
| 005 | 20230120203859.0 | ||
| 040 | _cNUST | ||
| 942 | _cBOOKS | ||
| 999 |
_c113158 _d113158 |
||